Разработка электрохимического метода изучения процессов растворения твердых металлов в ртути, его сравнительная характеристика и некоторые применения: автореферат диссертации на соискание ученой степени кандидата химических наук; спец. 02.00.02

Detalles Bibliográficos
Autor principal: Шалаевская В. Н. Вера Николаевна
Autor Corporativo: Томский государственный университет (ТГУ)
Otros Autores: Катаев Г. А. (научный руководитель), Иголинский В. А.
Lenguaje:ruso
Publicado: Томск, [Б. и.], 1974
Materias:
Formato: Libro
KOHA link:https://koha.lib.tpu.ru/cgi-bin/koha/opac-detail.pl?biblionumber=340845

MARC

LEADER 00000nam0a2200000 4500
001 340845
005 20231102005301.0
035 |a (RuTPU)RU\TPU\book\367802 
090 |a 340845 
100 |a 20180409d1974 k y0rusy50 ca 
101 0 |a rus 
102 |a RU 
105 |a y dm 001zy 
200 1 |a Разработка электрохимического метода изучения процессов растворения твердых металлов в ртути, его сравнительная характеристика и некоторые применения  |e автореферат диссертации на соискание ученой степени кандидата химических наук  |e спец. 02.00.02  |f В. Н. Шалаевская  |g Томский государственный университет (ТГУ) ; науч. рук. Г. А. Катаев ; науч. рук. В. А. Иголинский 
210 |a Томск  |c [Б. и.]  |d 1974 
215 |a 18 с. 
320 |a Библиогр.: с. 17-18 (7 назв.) 
606 1 |a Электрохимическое растворение  |2 stltpush  |3 (RuTPU)RU\TPU\subj\76901  |9 87668 
610 1 |a твердые металлы 
610 1 |a растворение в ртути 
610 1 |a растворимость 
610 1 |a кинетические параметры 
610 1 |a диффузионные параметры 
610 1 |a температура 
610 1 |a температурная зависимость 
610 1 |a авторефераты диссертаций 
610 1 |a библиотека А. Г. Стромберга 
675 |a 544.65(04)  |v 4 
686 |a 02.00.02  |2 oksvnk 
700 1 |a Шалаевская  |b В. Н.  |g Вера Николаевна 
702 1 |a Катаев  |b Г. А.  |4 727 
702 1 |a Иголинский  |b В. А.  |4 727 
712 0 2 |a Томский государственный университет (ТГУ)  |2 stltpush  |3 (RuTPU)RU\TPU\col\397 
801 1 |a RU  |b 63413507  |c 20180409 
801 2 |a RU  |b 63413507  |c 20180523  |g RCR 
942 |c BK